| 000 | 00549nam a2200217 a 4500 | ||
|---|---|---|---|
| 001 | 0001-2228 | ||
| 003 | ELIB.Books | ||
| 008 | 190805 2010 eng | ||
| 020 | _aKBTS | ||
| 092 | _a253.5 | ||
| 100 | _aLinda, Smith. | ||
| 245 | _aEffective Counseling | ||
| 260 |
_aSandy Lane _bLYNX Communications _c1995 |
||
| 300 |
_a156 _c30 Cm |
||
| 650 | _aCounseling | ||
| 856 |
_nKBTS Library _uKBTS Elib |
||
| 942 |
_2ddc _cBK |
||
| 990 | _a2 | ||
| 998 |
_aEnglishbooks.elf _ccat _e2019-08-05 _mcat _u2019-09-25 |
||
| 999 |
_c12228 _d12228 |
||